00446nam a22001457a 4500999001500000008004100015082001500056100002200071245009500093260002700188300003000215521000900245650003100254942001500285 c6640d6640200309b ||||| |||| 00| 0 eng d a300.72KRI. aKRISHNASWAMI,o .r amethodology of research in social science.co.r. krishnaswami. and m. ranganathamhEnglish aMumbaibhimalayac2006 a445p.billustationc24cm. bBook 2Research in social science 2ddccBOOKS